| 000 | 00831nam a22002417a 4500 | ||
|---|---|---|---|
| 999 |
_c68827 _d68827 |
||
| 005 | 20210325211433.0 | ||
| 008 | s2011 eng d | ||
| 020 | _a9780230340886 | ||
| 040 | _a์NALT | ||
| 041 | _aeng | ||
| 050 |
_aDC 424 _bC44M 2011 |
||
| 100 | 1 |
_aChirac, Jacques _943236 |
|
| 245 | 1 | 0 |
_aMy life in politics / _cJacques Chirac with Jean-Luc Barre ; translated by Catherine Spencer. |
| 260 |
_aNew York : _bPalgrave Macmillan, _c2011. |
||
| 300 |
_a344 p. : _bill. ; _c24 cm. |
||
| 600 | 1 | 4 |
_943238 _aChirac, Jacques _d1932- |
| 650 | 0 |
_aPresidents _943239 _zFrance _xBiography |
|
| 651 | 0 |
_943237 _aFrance _xPolitics and government _y1958- |
|
| 700 | 1 |
_943235 _aSpencer, Catherine |
|
| 850 | _aNALT | ||
| 942 |
_cGB _2lcc |
||